Sports Quiz

Random Sports or MLB Quiz
Score 0/105 Timer 05:00
3 Plays Today
Age Player % Correct
34Babe Ruth
95.4%
35Babe Ruth
95.4%
36Babe Ruth
95.4%
37Babe Ruth
95.4%
38Babe Ruth
95.4%
39Babe Ruth
95.4%
40Babe Ruth
95.4%
37Barry Bonds
94.8%
38Barry Bonds
94.8%
39Barry Bonds
94.8%
40Barry Bonds
94.8%
33Ken Griffey Jr. & Hank Aaron
91.9%
35Hank Aaron
91.8%
36Hank Aaron
91.8%
37Hank Aaron
91.8%
38Hank Aaron
91.8%
39Hank Aaron
91.8%
40Hank Aaron
91.8%
20Alex Rodriguez
90.3%
22Alex Rodriguez
90.3%
23Alex Rodriguez
90.3%
24Alex Rodriguez
90.3%
25Alex Rodriguez
90.3%
26Alex Rodriguez
90.3%
27Alex Rodriguez
90.3%
28Alex Rodriguez
90.3%
29Alex Rodriguez
90.3%
30Alex Rodriguez
90.3%
31Alex Rodriguez
90.3%
32Alex Rodriguez
90.3%
33Alex Rodriguez
90.3%
34Alex Rodriguez
90.3%
35Alex Rodriguez
90.2%
40Alex Rodriguez
88.5%
36Albert Pujols
88.5%
Age Player % Correct
37Alex Rodriguez
88.4%
38Alex Rodriguez
88.4%
27Ken Griffey Jr.
88.1%
28Ken Griffey Jr.
88.1%
29Ken Griffey Jr.
88.1%
30Ken Griffey Jr.
88.1%
31Ken Griffey Jr.
88.1%
32Ken Griffey Jr.
88.1%
39Albert Pujols
88%
38Albert Pujols
87%
34Albert Pujols
86.6%
36Alex Rodriguez
86.4%
39Alex Rodriguez
85.9%
37Albert Pujols
85.9%
33Sammy Sosa
84.8%
34Sammy Sosa
84.8%
35Sammy Sosa
84.8%
36Sammy Sosa
84.8%
23Mike Trout
83.5%
40Albert Pujols
82.3%
35Albert Pujols
80.3%
32Albert Pujols
78.4%
33Albert Pujols
78.1%
24Mickey Mantle
74%
25Mickey Mantle
74%
26Mickey Mantle
74%
28Mickey Mantle
74%
29Mickey Mantle
74%
30Mickey Mantle
74%
32Mickey Mantle
74%
31Albert Pujols
69.1%
26Albert Pujols
68.9%
30Albert Pujols
68.9%
27Mike Trout
68.8%
22Frank Robinson and Mike Trout
65.5%
Age Player % Correct
21Frank Robinson
59.8%
23Frank Robinson
59.8%
24Jimmie Foxx
55.4%
25Jimmie Foxx
55.4%
26Jimmie Foxx
55.4%
27Jimmie Foxx
55.4%
28Jimmie Foxx
55.4%
29Jimmie Foxx
55.4%
30Jimmie Foxx
55.4%
31Jimmie Foxx
55.4%
32Jimmie Foxx
55.4%
33Jimmie Foxx
55.4%
34Jimmie Foxx
55.4%
20Bryce Harper
51.8%
20Mel Ott
51.4%
21Mel Ott
51.4%
22Mel Ott
51.4%
23Mel Ott
51.4%
24Mel Ott
51.4%
25Mel Ott
51.4%
21Eddie Mathews
32.8%
22Eddie Mathews
32.8%
23Eddie Mathews
32.8%
24Eddie Mathews
32.8%
25Eddie Mathews
32.8%
26Eddie Mathews
32.8%
27Eddie Mathews
32.8%
28Eddie Mathews
32.8%
29Eddie Mathews
32.8%
31Eddie Mathews
32.8%
20Juan Soto
32.3%
21Ronald Acuña Jr.
25.8%
20Tony Conigliaro
17.3%
21Tony Conigliaro
17.3%
22Tony Conigliaro
17.3%

You're not logged in!

Compare scores with friends on all Sporcle quizzes.
OR
Log In

Sporcle TV

Today on Sporcle TV


Watch our educational content, quiz creation guides, and fun videos on Sporcle TV.

Show Comments

Extras

Top Quizzes Today


Score Distribution

Paid Content

Your Account Isn't Verified!

In order to create a playlist on Sporcle, you need to verify the email address you used during registration. Go to your Sporcle Settings to finish the process.

Report this User

Report this user for behavior that violates our Community Guidelines.

Details: